"Nechápem, že so mnou chcú predĺžiť zmluvu, keď mi nedajú šancu" : Vladimír Janočko sa po viac ako roku vrátil do zostavy Austrie Viedeň, ale šťastný v nej nie je

Podrobná bibliografia
Ďalší autori: Janočko, Vladimír (Interviewer)
Médium: Článok
Jazyk:Slovak
Témy:
Zdroj: 1. Košický večer. Korzár 1. 1336-5320 1. Roč. 17 (38), č. 15 (12.4.2006), s. 23
LEADER 00970nab#a2200313#ar4500
001 000079945
003 SVKKK
005 20060726093524.0
008 060607c2006 xo e slo
FMT
038 |a SVKKK 
040 |a SVKKK  |b slo  |e AACR2 
041 0 |a slo 
044 |a xo  |c SK 
080 |a 796.332  |2 1997 
080 |a 929 Janočko, Vladimír  |2 1997 
100 1 |a Matia, Bohuš  |4 ivr 
245 1 0 |a "Nechápem, že so mnou chcú predĺžiť zmluvu, keď mi nedajú šancu" :  |b Vladimír Janočko sa po viac ako roku vrátil do zostavy Austrie Viedeň, ale šťastný v nej nie je  |c Bohuš Matia 
300 |b Fotogr. 
600 1 4 |a Janočko, Vladimír,  |d ?,  |x futbalista  |z Košice (Slovensko)  |x pôsobenie 
700 1 |a Janočko, Vladimír  |4 ive 
773 0 |t Košický večer. Korzár  |x 1336-5320  |g Roč. 17 (38), č. 15 (12.4.2006), s. 23 
957 |a 802 
958 |a BX 
974 |a Čr 
992 |a RBX 
BAS
852 |a SVKKK  |b BIB 
998 |a REG